000 00733nam a2200229Ii 4500
003 JO-AjNU
008 230605s9999||||xx |||||||||||||| ||und||
017 _a2008/02/416
020 _a9957-07-569-9
040 _aJO-AjNU
_bara
_erda
_cJO-AjNU
041 _aara
050 1 4 _aQA11.2.G8712 2009
100 3 _aبدوي، رمضان مسعد ,
_eauthor
_922908
245 0 0 _aتدريس الرياضيات=MATH IN STRUCATION FOR STUDENTS WITH LEARNUNG PROBLEMS
250 _aط1
264 3 1 _aعمان:دار الفكر ،2009
300 _a453ص
336 _atext
_btxt
_2rdacontent
337 _aunmediated
_bn
_2rdamedia
338 _avolume
_bnc
_2rdacarrier
650 4 _aالرياضيات - دراسة وتعليم
_922909
999 _aA8206
_c11774
_d11774